| 000 | 00517nam a2200157 i 4500 | ||
|---|---|---|---|
| 001 | 22872 | ||
| 003 | ES-MaACL | ||
| 005 | 20230906152753.0 | ||
| 007 | t| | ||
| 008 | 021205s1972 sp ||||1| spa d | ||
| 100 | 1 |
_aAlustiza Yarza, Jesús. _920572 |
|
| 245 | 1 | 0 |
_aAsí son dos barrios hernaniarras _b: Florida y Anziola : estudio sociológico de base / _cJesús Alustiza Yarza. |
| 260 |
_aHernani (Guipúzcoa) : _bAyuntamiento, _c[1972] |
||
| 300 |
_a73 p. : _bil. ; _c29 cm. |
||
| 852 |
_aES-MaACL _jC-43290 _bR.80691 |
||
| 999 |
_c22872 _d22872 |
||